Genetic Characterization of Fitness Traits/ (Record no. 194035)
[ view plain ]
| 000 -LEADER | |
|---|---|
| fixed length control field | 00947nam a22002177a 4500 |
| 005 - DATE AND TIME OF LATEST TRANSACTION | |
| control field | 20250228130034.0 |
| 010 ## - LCCN (DPL NO) | |
| LC control number | ENG-142906 B-747560-564 E.N.A./7.11.22 |
| 020 ## - INTERNATIONAL STANDARD BOOK NUMBER | |
| International Standard Book Number | 9789390660261 |
| Terms of availability | 1850.00 |
| 035 ## - SYSTEM CONTROL NUMBER | |
| System control number | B-747560-564 |
| 035 ## - SYSTEM CONTROL NUMBER | |
| System control number | EN-126438 |
| 037 ## - SOURCE OF ACQUISITION | |
| Source of stock number/acquisition | Satish Serial publishing house |
| 037 ## - SOURCE OF ACQUISITION | |
| Source of stock number/acquisition | DBAD |
| 082 ## - DEWEY DECIMAL CLASSIFICATION NUMBER | |
| Classification number | 636.0821 |
| 100 ## - MAIN ENTRY--PERSONAL NAME | |
| Personal name | Sachan, Shweta |
| 245 ## - TITLE STATEMENT | |
| Title | Genetic Characterization of Fitness Traits/ |
| Statement of responsibility, etc | by Shweta Sachan |
| 260 ## - PUBLICATION, DISTRIBUTION, ETC. (IMPRINT) | |
| Place of publication, distribution, etc | Delhi |
| Name of publisher, distributor, etc | Satish serial publishing house |
| Date of publication, distribution, etc | 2023 |
| 270 ## - ADDRESS | |
| Address | 403, Express Tower, Commercial complex, Azadpur, |
| City | Delhi |
| Postal code | 110033 |
| 300 ## - PHYSICAL DESCRIPTION | |
| Extent | xiii, 177p. |
| Dimensions | 24cm(hbk) |
| 942 ## - ADDED ENTRY ELEMENTS (KOHA) | |
| Source of classification or shelving scheme | Dewey Decimal Classification |
| Item type | English Books |
| Call number suffix | SAC |
| Classification part | 636.0821 |
| Withdrawn status | Lost status | Not for loan | Collection code | Home library | Current library | Date acquired | Source of acquisition | Cost, normal purchase price | Full call number | Barcode | Copy number | Cost, replacement price | Koha item type |
|---|---|---|---|---|---|---|---|---|---|---|---|---|---|
| Non-fiction | Ashok Vihar | Ashok Vihar | 20/03/2023 | Satish Serial Pub. House/364/26.1.22/203/23.11.22/13.12.22 | 1850.00 | 636.0821 SAC | B-747561 | 1 | 1850.00 | English Books | |||
| Non-fiction | Central Library | Central Library | 20/03/2023 | Satish Serial Pub. House/364/26.1.22/203/23.11.22/13.12.22 | 1850.00 | 636.0821 SAC | B-747560 | 1 | 1850.00 | English Books | |||
| Non-fiction | Patel Nagar | Patel Nagar | 20/03/2023 | Satish Serial Pub. House/364/26.1.22/203/23.11.22/13.12.22 | 1850.00 | 636.0821 SAC | B-747562 | 1 | 1850.00 | English Books | |||
| Non-fiction | R.K.Puram-8 | R.K.Puram-8 | 10/12/2024 | Delivery of Books Division | 1850.00 | SAC 636.0821 | EN-126438 | 1 | 1850.00 | English Books | |||
| Non-fiction | Sarojini Nagar | Sarojini Nagar | 20/03/2023 | Satish Serial Pub. House/364/26.1.22/203/23.11.22/13.12.22 | 1850.00 | 636.0821 SAC | B-747563 | 1 | 1850.00 | English Books | |||
| Non-fiction | Shahdara Branch | Shahdara Branch | 20/03/2023 | Satish Serial Pub. House/364/26.1.22/203/23.11.22/13.12.22 | 1850.00 | 636.0821 SAC | B-747564 | 1 | 1850.00 | English Books |
